[Event "44th Chess Olympiad Open 2022"]
[Site "Chennai"]
[Date "2022.08.01"]
[Round "4.26"]
[White "Escalante Ramirez, Brian Sebasti"]
[Black "Castro Torres, Jose Luis"]
[Result "1/2-1/2"]
[WhiteElo "2496"]
[BlackElo "2326"]
[Annotator "TA"]
[PlyCount "94"]
[EventDate "2022.07.29"]
[EventType "team-tourn"]
[EventCountry "IND"]
[SourceTitle "playchess.com"]
[Source "ChessBase"]
[SourceQuality "1"]
[WhiteTeam "Peru"]
[BlackTeam "Venezuela"]
[WhiteTeamCountry "PER"]
[BlackTeamCountry "VEN"]

1. e4 c5 2. Nf3 Nc6 3. c3 Nf6 4. e5 Nd5 5. Bc4 Nb6 6. Bb3 d5 7. exd6 c4 8. Bc2
Qxd6 9. O-O Bg4 10. Re1 e6 11. b3 Ne5 12. Rxe5 Bxf3 13. Qe1 Bc6 14. Ba3 Qc7 15.
Bxf8 Rxf8 16. Na3 O-O-O 17. Nb5 Bxb5 18. Rxb5 Rd5 19. bxc4 Qxc4 20. Rb4 Qc7 21.
Be4 Rc5 22. a4 Rd8 23. a5 Nd5 24. Rb2 Rd7 25. Rab1 Rxa5 26. Rxb7 Qxb7 27. Rxb7
Rxb7 28. c4 Rb4 29. Bxd5 exd5 30. Qe8+ Kc7 31. Qxf7+ Kb6 32. g4 Rxc4 33. Qxg7
Rc7 34. Qd4+ Rac5 35. h4 a5 36. g5 Ra7 37. Qf6+ Kb5 38. Qd6 a4 39. d4 Rcc7 40.
Qxd5+ Kb4 41. Qd6+ Kb3 42. Qb6+ Kc2 43. d5 a3 44. d6 Rcb7 45. Qc5+ Kb1 46. Qf5+
Ka1 47. Qe5+ Kb1 1/2-1/2

[Event "44th Chess Olympiad Open 2022"]
[Site "Chennai"]
[Date "2022.08.01"]
[Round "4.26"]
[White "Palomo, Franklin Annervys"]
[Black "Cruz, Cristhian"]
[Result "1/2-1/2"]
[WhiteElo "2324"]
[BlackElo "2579"]
[Annotator "TA"]
[PlyCount "64"]
[EventDate "2022.07.29"]
[EventType "team-tourn"]
[EventCountry "IND"]
[SourceTitle "playchess.com"]
[Source "ChessBase"]
[SourceQuality "1"]
[WhiteTeam "Venezuela"]
[BlackTeam "Peru"]
[WhiteTeamCountry "VEN"]
[BlackTeamCountry "PER"]

1. d4 Nf6 2. Nf3 e6 3. c4 Bb4+ 4. Bd2 c5 5. Bxb4 cxb4 6. Nbd2 O-O 7. e3 b6 8.
Bd3 Bb7 9. O-O d6 10. Qb1 Nbd7 11. a3 bxa3 12. Rxa3 Qc7 13. h3 h6 14. Rc1 Rfe8
15. b4 a5 16. Bf1 axb4 17. Qxb4 Rxa3 18. Qxa3 Ra8 19. Qb2 Qb8 20. Ra1 Kf8 21.
Bd3 Ke7 22. Kf1 Rxa1+ 23. Qxa1 Qa8 24. Qxa8 Bxa8 25. Ke2 Bb7 26. Kd1 Kd8 27.
Kc2 Kc7 28. Kc3 Ba8 29. Bc2 Bc6 30. Bd3 Bb7 31. Bc2 Bc6 32. Bd3 Bb7 1/2-1/2

[Event "44th Chess Olympiad Open 2022"]
[Site "Chennai"]
[Date "2022.08.01"]
[Round "4.26"]
[White "Escalona Landi, Samid Eduardo"]
[Black "Terry, Renato"]
[Result "1/2-1/2"]
[WhiteElo "2191"]
[BlackElo "2502"]
[Annotator "TA"]
[PlyCount "77"]
[EventDate "2022.07.29"]
[EventType "team-tourn"]
[EventCountry "IND"]
[SourceTitle "playchess.com"]
[Source "ChessBase"]
[SourceQuality "1"]
[WhiteTeam "Venezuela"]
[BlackTeam "Peru"]
[WhiteTeamCountry "VEN"]
[BlackTeamCountry "PER"]

1. Nf3 g6 2. d4 Bg7 3. e4 d6 4. Be2 Nf6 5. Nc3 c6 6. a4 O-O 7. a5 Nbd7 8. O-O
Qc7 9. h3 e5 10. dxe5 dxe5 11. Be3 Rd8 12. Qb1 Nf8 13. Rd1 Rxd1+ 14. Qxd1 Ne6
15. b4 Bf8 16. Ra4 Bd7 17. Qb1 c5 18. b5 Nd4 19. Nd2 a6 20. b6 Nxe2+ 21. Nxe2
Qc6 22. Nc3 Be6 23. Nf3 Bd6 24. Ng5 Bd7 25. Nf3 c4 26. Qd1 Nxe4 27. Nxe4 Qxe4
28. Qxd6 Bxa4 29. Bh6 Qf5 30. Nxe5 Qe6 31. Qd4 f6 32. Ng4 Kf7 33. Nxf6 Qxf6 34.
Qd5+ Ke8 35. Qg8+ Kd7 36. Qxa8 Bc6 37. Qg8 Qa1+ 38. Kh2 Qe5+ 39. Kg1 1/2-1/2

[Event "44th Chess Olympiad Open 2022"]
[Site "Chennai"]
[Date "2022.08.01"]
[Round "4.27"]
[White "Amin, Bassem"]
[Black "Bwalya, Gillan"]
[Result "1/2-1/2"]
[WhiteElo "2680"]
[BlackElo "2396"]
[Annotator "TA"]
[PlyCount "108"]
[EventDate "2022.07.29"]
[EventType "team-tourn"]
[EventCountry "IND"]
[SourceTitle "playchess.com"]
[Source "ChessBase"]
[SourceQuality "1"]
[WhiteTeam "Egypt"]
[BlackTeam "Zambia"]
[WhiteTeamCountry "EGY"]
[BlackTeamCountry "ZAM"]

1. e4 e5 2. Nf3 Nc6 3. Bc4 Bc5 4. O-O Nf6 5. d3 O-O 6. h3 h6 7. Re1 d6 8. c3 a6
9. Nbd2 Ba7 10. Bb3 Be6 11. Nf1 Re8 12. Bc2 d5 13. exd5 Bxd5 14. Ng3 Nd7 15.
Qe2 Nf8 16. Be3 Ng6 17. Bxa7 Nxa7 18. d4 exd4 19. Qxe8+ Qxe8 20. Rxe8+ Rxe8 21.
Nxd4 Nf4 22. f3 Nc6 23. Nxc6 Bxc6 24. Rd1 Ne2+ 25. Kf2 Nxg3 26. Kxg3 Kf8 27.
Kf2 Ke7 28. Bb3 Ra8 29. h4 Rf8 30. Rd4 Ra8 31. Kg3 Be8 32. Rb4 Bc6 33. Rg4 Kf8
34. Rd4 Re8 35. Kf2 Re7 36. a4 Rd7 37. Ke3 Ke7 38. a5 g5 39. hxg5 hxg5 40.
Rxd7+ Bxd7 41. Kd4 b6 42. Bc4 Bc8 43. b4 f6 44. f4 gxf4 45. Ke4 Kd6 46. Kxf4 c5
47. axb6 cxb4 48. cxb4 Kc6 49. Bxa6 Bxa6 50. Kf5 Kxb6 51. Kxf6 Be2 52. Kf5 Kb5
53. g4 Bxg4+ 54. Kxg4 Kxb4 1/2-1/2

[Event "44th Chess Olympiad Open 2022"]
[Site "Chennai"]
[Date "2022.08.01"]
[Round "4.27"]
[White "Hesham, Abdelrahman"]
[Black "Phiri, Richmond"]
[Result "0-1"]
[WhiteElo "2386"]
[BlackElo "2293"]
[Annotator "TA"]
[PlyCount "68"]
[EventDate "2022.07.29"]
[EventType "team-tourn"]
[EventCountry "IND"]
[SourceTitle "playchess.com"]
[Source "ChessBase"]
[SourceQuality "1"]
[WhiteTeam "Egypt"]
[BlackTeam "Zambia"]
[WhiteTeamCountry "EGY"]
[BlackTeamCountry "ZAM"]

1. d4 Nf6 2. c4 g6 3. Nc3 d5 4. cxd5 Nxd5 5. e4 Nxc3 6. bxc3 Bg7 7. Bc4 c5 8.
Ne2 O-O 9. O-O Nc6 10. Be3 Na5 11. Bd3 b6 12. Qd2 e5 13. Bg5 f6 14. Be3 Qe7 15.
dxc5 bxc5 16. Qb2 c4 17. Bc2 Bg4 18. Qb5 Bxe2 19. Rfe1 Bd3 20. Bxd3 cxd3 21.
Qxa5 Rfd8 22. Rab1 f5 23. Rb5 Rd7 24. f3 fxe4 25. fxe4 d2 26. Rd1 Qh4 27. Bf2
Qxe4 28. Qa3 Qe2 29. Rbb1 Rf7 30. Qc5 Bh6 31. Kh1 Qxf2 32. Qc4 Raf8 33. Rf1 Qc5
34. Qe6 Kg7 0-1

[Event "44th Chess Olympiad Open 2022"]
[Site "Chennai"]
[Date "2022.08.01"]
[Round "4.27"]
[White "Mwali, Chitumbo"]
[Black "Fawzy, Adham"]
[Result "0-1"]
[WhiteElo "2320"]
[BlackElo "2471"]
[Annotator "TA"]
[PlyCount "92"]
[EventDate "2022.07.29"]
[EventType "team-tourn"]
[EventCountry "IND"]
[SourceTitle "playchess.com"]
[Source "ChessBase"]
[SourceQuality "1"]
[WhiteTeam "Zambia"]
[BlackTeam "Egypt"]
[WhiteTeamCountry "ZAM"]
[BlackTeamCountry "EGY"]

1. Nf3 c5 2. c4 Nc6 3. g3 g6 4. Bg2 Bg7 5. Nc3 d6 6. O-O Bf5 7. d3 Qd7 8. Nd5
Nf6 9. Rb1 O-O 10. a3 Rab8 11. b4 cxb4 12. Nxb4 e5 13. Be3 Nxb4 14. Rxb4 b6 15.
Re1 Qc7 16. Bg5 Nd7 17. Nd2 Nc5 18. Be3 Be6 19. Nb1 e4 20. d4 Na6 21. Rb2 f5
22. Nd2 Nc5 23. Rb1 Nd7 24. Qa4 Nf6 25. h3 Nh5 26. Rbc1 Qe7 27. c5 d5 28. c6
Qc7 29. Qb3 Rbe8 30. Nb1 Nxg3 31. fxg3 Qxg3 32. Nd2 f4 33. Bf2 Qg5 34. c7 e3
35. Nf3 exf2+ 36. Kxf2 Qg3+ 37. Kf1 Kh8 38. Rc3 Bxh3 39. Bxh3 Qxh3+ 40. Kf2 g5
41. Rg1 g4 42. Ne5 g3+ 43. Ke1 Qh2 44. Rf1 Bxe5 45. dxe5 g2 46. Rh3 g1=Q 0-1

[Event "44th Chess Olympiad Open 2022"]
[Site "Chennai"]
[Date "2022.08.01"]
[Round "4.27"]
[White "Kabwe Timothy"]
[Black "Wageih, Kareim"]
[Result "1-0"]
[WhiteElo "2248"]
[BlackElo "2387"]
[Annotator "TA"]
[PlyCount "109"]
[EventDate "2022.07.29"]
[EventType "team-tourn"]
[EventCountry "IND"]
[SourceTitle "playchess.com"]
[Source "ChessBase"]
[SourceQuality "1"]
[WhiteTeam "Zambia"]
[BlackTeam "Egypt"]
[WhiteTeamCountry "ZAM"]
[BlackTeamCountry "EGY"]

1. d4 Nf6 2. Nf3 c5 3. c3 d5 4. Bf4 Nc6 5. e3 Nh5 6. Bg3 Qb6 7. Qb3 Nxg3 8.
hxg3 c4 9. Qc2 g6 10. e4 e6 11. Nbd2 Qc7 12. Be2 Rb8 13. Ng5 Be7 14. Rxh7 Rxh7
15. Nxh7 b5 16. a3 a5 17. f4 b4 18. axb4 axb4 19. e5 Qb6 20. Nf3 Bd7 21. g4
bxc3 22. bxc3 Qb3 23. Qd2 Kd8 24. Nf6 Ba3 25. Bd1 Qb2 26. Ra2 Qc1 27. Qxc1 Bxc1
28. g3 Rb1 29. Bc2 Rb2 30. Rxb2 Bxb2 31. Kd2 Na7 32. Nxd7 Kxd7 33. Ba4+ Ke7 34.
Nh4 Nc8 35. f5 gxf5 36. gxf5 exf5 37. Nxf5+ Ke6 38. Ng7+ Ke7 39. Bc6 Nb6 40.
Nh5 Ba3 41. Nf4 f6 42. Nxd5+ Nxd5 43. Bxd5 fxe5 44. dxe5 Bc5 45. Bxc4 Bf2 46.
g4 Bg3 47. e6 Bd6 48. Kd3 Kf6 49. Ke4 Ba3 50. Kd5 Bb2 51. Kd4 Ba3 52. Bd5 Kg5
53. c4 Bb2+ 54. Kc5 Kxg4 55. Kc6 1-0

[Event "44th Chess Olympiad Open 2022"]
[Site "Chennai"]
[Date "2022.08.01"]
[Round "4.28"]
[White "Djukic, Nikola"]
[Black "Arvelo Leo, Gian Carlo"]
[Result "1/2-1/2"]
[WhiteElo "2526"]
[BlackElo "2176"]
[Annotator "TA"]
[PlyCount "88"]
[EventDate "2022.07.29"]
[EventType "team-tourn"]
[EventCountry "IND"]
[SourceTitle "playchess.com"]
[Source "ChessBase"]
[SourceQuality "1"]
[WhiteTeam "Montenegro"]
[BlackTeam "Dominican Republic"]
[WhiteTeamCountry "MNE"]
[BlackTeamCountry "DOM"]

1. e4 c5 2. Nf3 e6 3. d4 cxd4 4. Nxd4 Nf6 5. Nc3 Nc6 6. Ndb5 Bb4 7. a3 Bxc3+ 8.
Nxc3 d5 9. exd5 exd5 10. Bd3 O-O 11. O-O d4 12. Ne2 Bg4 13. Re1 Re8 14. h3 Bh5
15. Bg5 Qd6 16. Bxf6 Qxf6 17. Qd2 Bxe2 18. Rxe2 Rxe2 19. Qxe2 g6 20. Re1 Rc8
21. Qe4 Rc7 22. Qe8+ Kg7 23. Re4 h6 24. g3 Qd6 25. h4 h5 26. Re2 Qf6 27. Kg2
Qd6 28. f4 Re7 29. Rxe7 Nxe7 30. Kf3 Qe6 31. Qb5 Nd5 32. Be4 Nf6 33. Qe5 Qg4+
34. Kf2 Qd1 35. Bd3 Qd2+ 36. Kf1 Qh2 37. f5 Qh1+ 38. Kf2 Qh2+ 39. Ke1 Qh1+ 40.
Kd2 Qg2+ 41. Kd1 Qf3+ 42. Ke1 Qh1+ 43. Ke2 Qg2+ 44. Kd1 Qf3+ 1/2-1/2

[Event "44th Chess Olympiad Open 2022"]
[Site "Chennai"]
[Date "2022.08.01"]
[Round "4.28"]
[White "Blagojevic, Dragisa"]
[Black "Mazara Ruiz, Adan Manuel"]
[Result "1/2-1/2"]
[WhiteElo "2499"]
[BlackElo "2286"]
[Annotator "TA"]
[PlyCount "87"]
[EventDate "2022.07.29"]
[EventType "team-tourn"]
[EventCountry "IND"]
[SourceTitle "playchess.com"]
[Source "ChessBase"]
[SourceQuality "1"]
[WhiteTeam "Montenegro"]
[BlackTeam "Dominican Republic"]
[WhiteTeamCountry "MNE"]
[BlackTeamCountry "DOM"]

1. d4 Nf6 2. Nf3 e6 3. c4 d5 4. Nc3 Be7 5. cxd5 exd5 6. Bg5 c6 7. Qc2 O-O 8. e3
Re8 9. Bd3 Nbd7 10. O-O Nf8 11. Rab1 a5 12. a3 g6 13. b4 Ne6 14. Bh4 Ng7 15.
Na4 axb4 16. axb4 Bf5 17. Bxf5 Nxf5 18. Bxf6 Bxf6 19. b5 Re7 20. bxc6 bxc6 21.
Qxc6 Rc7 22. Qb5 Nd6 23. Qb3 Rb7 24. Qc2 Rc7 25. Qd1 Ne4 26. Qb3 Rc4 27. Nc5
Nxc5 28. dxc5 Rxc5 29. Rfd1 Qa5 30. g3 Kg7 31. Rd2 d4 32. exd4 Rc3 33. Qd1 Qd5
34. Ne1 h5 35. Ng2 Bg5 36. Rd3 Rxd3 37. Qxd3 Ra4 38. Rd1 Bf6 39. Nf4 Qxd4 40.
Qc2 Qxd1+ 41. Qxd1 Ra1 42. Qxa1 Bxa1 43. Kg2 Bd4 44. Kf3 1/2-1/2

[Event "44th Chess Olympiad Open 2022"]
[Site "Chennai"]
[Date "2022.08.01"]
[Round "4.28"]
[White "Munoz Santana, Jose Lisandro"]
[Black "Kadric, Denis"]
[Result "0-1"]
[WhiteElo "2423"]
[BlackElo "2554"]
[Annotator "TA"]
[PlyCount "54"]
[EventDate "2022.07.29"]
[EventType "team-tourn"]
[EventCountry "IND"]
[SourceTitle "playchess.com"]
[Source "ChessBase"]
[SourceQuality "1"]
[WhiteTeam "Dominican Republic"]
[BlackTeam "Montenegro"]
[WhiteTeamCountry "DOM"]
[BlackTeamCountry "MNE"]

1. c4 e5 2. g3 d6 3. Nc3 Nf6 4. Bg2 c6 5. d4 Nbd7 6. e3 Be7 7. Nge2 O-O 8. O-O
Re8 9. Qc2 Bf8 10. Rd1 a5 11. b3 h5 12. Ba3 Qc7 13. Rd2 exd4 14. exd4 g6 15.
Nf4 Bh6 16. Re2 Bxf4 17. gxf4 Rxe2 18. Qxe2 Nf8 19. d5 Bg4 20. Qd2 c5 21. f3
Bf5 22. Ne4 N8h7 23. Bb2 Ne8 24. Qc3 f6 25. Re1 h4 26. Ng5 Qg7 27. Re2 Qh6 0-1

[Event "44th Chess Olympiad Open 2022"]
[Site "Chennai"]
[Date "2022.08.01"]
[Round "4.28"]
[White "Camacho Campusano, David Daniel"]
[Black "Draskovic, Luka"]
[Result "1-0"]
[WhiteElo "2221"]
[BlackElo "2503"]
[Annotator "TA"]
[PlyCount "93"]
[EventDate "2022.07.29"]
[EventType "team-tourn"]
[EventCountry "IND"]
[SourceTitle "playchess.com"]
[Source "ChessBase"]
[SourceQuality "1"]
[WhiteTeam "Dominican Republic"]
[BlackTeam "Montenegro"]
[WhiteTeamCountry "DOM"]
[BlackTeamCountry "MNE"]

1. e4 c5 2. Nf3 d6 3. d4 cxd4 4. Nxd4 Nf6 5. Nc3 Nc6 6. Bg5 Bd7 7. Qd2 a6 8.
O-O-O e6 9. f3 Nxd4 10. Qxd4 Be7 11. g4 h5 12. gxh5 Rxh5 13. h4 Qc7 14. Be2
O-O-O 15. f4 Rhh8 16. h5 e5 17. Qa7 Qc5 18. Qxc5+ dxc5 19. fxe5 Nd5 20. Bxe7
Nxe7 21. Bc4 Nc6 22. Bxf7 Nxe5 23. Bg6 Bg4 24. Rdg1 Rdf8 25. Nd5 Kb8 26. Rh4
Be6 27. Rf4 Rd8 28. Rg5 Nxg6 29. hxg6 Rh1+ 30. Kd2 Rh2+ 31. Kd3 Rh3+ 32. Ke2
Rh6 33. a4 Rdh8 34. a5 Kc8 35. Rf3 Rh4 36. Kd3 Kd7 37. Nf4 Rf8 38. Ke3 Bg4 39.
Rf2 Kc6 40. Re5 Rd8 41. Nd3 Rh3+ 42. Kd2 b6 43. Rd5 Rxd5 44. exd5+ Kb5 45. Ne5
Rg3 46. Rf7 Kxa5 47. Rxg7 1-0

[Event "44th Chess Olympiad Open 2022"]
[Site "Chennai"]
[Date "2022.08.01"]
[Round "4.29"]
[White "Kazhgaleyev, Murtas"]
[Black "Tissir, Mohamed"]
[Result "0-1"]
[WhiteElo "2536"]
[BlackElo "2366"]
[Annotator "TA"]
[PlyCount "78"]
[EventDate "2022.07.29"]
[EventType "team-tourn"]
[EventCountry "IND"]
[SourceTitle "playchess.com"]
[Source "ChessBase"]
[SourceQuality "1"]
[WhiteTeam "Kazakhstan"]
[BlackTeam "Morocco"]
[WhiteTeamCountry "KAZ"]
[BlackTeamCountry "MAR"]

1. d4 Nf6 2. c4 g6 3. Nc3 Bg7 4. e4 d6 5. Bd3 O-O 6. Nge2 c5 7. d5 e6 8. Bg5 h6
9. Bh4 exd5 10. Nxd5 g5 11. Bg3 Nxd5 12. cxd5 Qe7 13. h4 Nd7 14. hxg5 hxg5 15.
Nc3 f5 16. Qh5 f4 17. Qh7+ Kf7 18. e5 Ke8 19. O-O-O Nxe5 20. Bh2 Kd8 21. Bc2 a6
22. f3 Kc7 23. Bg1 Bd7 24. Qe4 Rad8 25. Qe2 Kb8 26. b4 cxb4 27. Ne4 Rc8 28. Qf2
Nc4 29. Qa7+ Kc7 30. Nc5 Kd8 31. Nxb7+ Ke8 32. Bd4 Ne3 33. Bxe3 fxe3 34. Rde1
Rc3 35. Qxa6 Qe5 36. Nxd6+ Ke7 37. Nc4 Rxc4 38. d6+ Ke8 39. Qa8+ Kf7 0-1

[Event "44th Chess Olympiad Open 2022"]
[Site "Chennai"]
[Date "2022.08.01"]
[Round "4.29"]
[White "Nogerbek, Kazybek"]
[Black "Hadj Kholti, Yasser"]
[Result "1-0"]
[WhiteElo "2437"]
[BlackElo "1871"]
[Annotator "TA"]
[PlyCount "45"]
[EventDate "2022.07.29"]
[EventType "team-tourn"]
[EventCountry "IND"]
[SourceTitle "playchess.com"]
[Source "ChessBase"]
[SourceQuality "1"]
[WhiteTeam "Kazakhstan"]
[BlackTeam "Morocco"]
[WhiteTeamCountry "KAZ"]
[BlackTeamCountry "MAR"]

1. c4 c5 2. Nc3 Nc6 3. e3 Nf6 4. d4 cxd4 5. exd4 d5 6. Nf3 e6 7. c5 Be7 8. Bb5
O-O 9. Bf4 Bd7 10. O-O Ne4 11. Rc1 Nxc3 12. Rxc3 Ne5 13. dxe5 Bxb5 14. Re1 Rc8
15. Nd4 Bd7 16. b4 b6 17. c6 Bxb4 18. Rh3 Bxe1 19. Qh5 h6 20. Bxh6 g6 21. Qg4
Rc7 22. Bxf8 Bxc6 23. Bd6 1-0

[Event "44th Chess Olympiad Open 2022"]
[Site "Chennai"]
[Date "2022.08.01"]
[Round "4.29"]
[White "Msellek, Ilyass"]
[Black "Jumabayev, Rinat"]
[Result "1/2-1/2"]
[WhiteElo "2398"]
[BlackElo "2617"]
[Annotator "TA"]
[PlyCount "82"]
[EventDate "2022.07.29"]
[EventType "team-tourn"]
[EventCountry "IND"]
[SourceTitle "playchess.com"]
[Source "ChessBase"]
[SourceQuality "1"]
[WhiteTeam "Morocco"]
[BlackTeam "Kazakhstan"]
[WhiteTeamCountry "MAR"]
[BlackTeamCountry "KAZ"]

1. e4 e5 2. Nf3 Nc6 3. d4 exd4 4. Nxd4 Bb4+ 5. c3 Bc5 6. Be3 Bb6 7. Nf5 Bxe3 8.
Nxe3 Nf6 9. f3 Qe7 10. c4 Qb4+ 11. Qd2 Qxd2+ 12. Kxd2 d6 13. Nc3 Nd4 14. Rd1
Ne6 15. Kc1 Bd7 16. Be2 a5 17. b3 h5 18. h4 Nc5 19. Kc2 Be6 20. a3 Ke7 21. Rhe1
Rhd8 22. Bf1 Kf8 23. Nb5 Ne8 24. Nd4 Bd7 25. g3 g6 26. Rd2 c6 27. Kb2 Nf6 28.
Red1 Ke7 29. Ne2 Be6 30. Nd4 Bd7 31. Ne2 Ne8 32. Nc1 Be6 33. Nd3 Na6 34. Nf4
Nf6 35. Be2 Rd7 36. Bf1 Rg8 37. Nh3 Nc5 38. Ng5 Rdd8 39. Bh3 a4 40. b4 Nb3 41.
Rd3 Rd7 1/2-1/2

[Event "44th Chess Olympiad Open 2022"]
[Site "Chennai"]
[Date "2022.08.01"]
[Round "4.29"]
[White "Choukri, Adel"]
[Black "Urazayev, Arystanbek"]
[Result "0-1"]
[WhiteElo "2306"]
[BlackElo "2430"]
[Annotator "TA"]
[PlyCount "230"]
[EventDate "2022.07.29"]
[EventType "team-tourn"]
[EventCountry "IND"]
[SourceTitle "playchess.com"]
[Source "ChessBase"]
[SourceQuality "1"]
[WhiteTeam "Morocco"]
[BlackTeam "Kazakhstan"]
[WhiteTeamCountry "MAR"]
[BlackTeamCountry "KAZ"]

1. d4 Nf6 2. c4 e6 3. Nf3 d5 4. Nc3 a6 5. cxd5 exd5 6. Bg5 Be6 7. e3 Nbd7 8.
Bd3 c6 9. h3 Bd6 10. O-O Qc7 11. Qd2 O-O 12. Bf4 Rfe8 13. Rac1 Nh5 14. Bxd6
Qxd6 15. Na4 g6 16. Nc5 Ra7 17. b4 Ng7 18. a4 Bf5 19. Be2 f6 20. Rc3 Qe7 21.
Rfc1 Nxc5 22. bxc5 Raa8 23. Rb3 Rac8 24. Ne1 Rc7 25. Bg4 Bxg4 26. hxg4 Qd7 27.
Rcb1 Re7 28. Qd1 Ne6 29. Nf3 Kg7 30. R1b2 Ng5 31. Nxg5 fxg5 32. Qf3 Qe8 33. Qg3
Rcd7 34. Rb1 Rc7 35. f3 Rcd7 36. Kf2 Kg8 37. Qh2 Qd8 38. Rb6 Qf8 39. Qg3 Qe8
40. R1b3 Kg7 41. Qh2 Qf8 42. Qh1 Qf7 43. Qb1 Rc7 44. Qb2 Kg8 45. Qc3 Qf8 46.
Rb1 Qh6 47. Qe1 Qf8 48. R6b3 Rcd7 49. Ke2 Qb8 50. R1b2 Qf8 51. Qg3 Qd8 52. Rb6
Qf8 53. Qh2 Kg7 54. Kf2 Kg8 55. a5 Kg7 56. Rb1 Kg8 57. R6b3 Qd8 58. Ra3 Qf8 59.
Rh1 Rd8 60. Qh6 Qxh6 61. Rxh6 Kg7 62. Rh2 Kf6 63. Ra1 Kg7 64. Rah1 Kg8 65. Rb1
Rdd7 66. g3 Kg7 67. Re1 Rd8 68. f4 Kf6 69. Re2 Rdd7 70. Kf3 Re4 71. Rh1 Rde7
72. Rb1 h5 73. gxh5 gxh5 74. Rb3 h4 75. fxg5+ Kxg5 76. gxh4+ Rxh4 77. Rf2 Rh1
78. Rfb2 Rh3+ 79. Ke2 Rexe3+ 80. Rxe3 Rh2+ 81. Kd3 Rxb2 82. Re7 Kf6 83. Rh7
Rb3+ 84. Kc2 Rb5 85. Kc3 Kf5 86. Re7 Kf4 87. Kd3 Kf5 88. Kc3 Rxa5 89. Rf7+ Ke6
90. Rxb7 Ra3+ 91. Kb2 Rd3 92. Rc7 Rxd4 93. Rxc6+ Ke5 94. Rxa6 Rc4 95. c6 d4 96.
Kb3 Rc1 97. Kb2 Rc5 98. Kb3 d3 99. Kb4 Rxc6 100. Rxc6 d2 101. Rc5+ Kd6 102. Rc8
Kd7 103. Rc2 d1=Q 104. Kc3 Kc6 105. Kb3+ Kd5 106. Kc3 Qa1+ 107. Kb3 Kd4 108.
Rd2+ Ke3 109. Rd6 Qe5 110. Rb6 Qc5 111. Rh6 Qc8 112. Kb2 Qb7+ 113. Kc2 Qg2+
114. Kb1 Kd3 115. Rh8 Qc2+ 0-1

[Event "44th Chess Olympiad Open 2022"]
[Site "Chennai"]
[Date "2022.08.01"]
[Round "4.30"]
[White "Sebenik, Matej"]
[Black "Arias Santana, Mauricio"]
[Result "1-0"]
[WhiteElo "2512"]
[BlackElo "2318"]
[Annotator "TA"]
[PlyCount "67"]
[EventDate "2022.07.29"]
[EventType "team-tourn"]
[EventCountry "IND"]
[SourceTitle "playchess.com"]
[Source "ChessBase"]
[SourceQuality "1"]
[WhiteTeam "Slovenia"]
[BlackTeam "Costa Rica"]
[WhiteTeamCountry "SLO"]
[BlackTeamCountry "CRI"]

1. d4 Nf6 2. Nf3 d5 3. Bf4 c5 4. e3 Nc6 5. Nbd2 cxd4 6. exd4 Bg4 7. c3 e6 8.
Qb3 Qc8 9. Bd3 Be7 10. O-O Bh5 11. Rfe1 O-O 12. Ng5 Bd8 13. Qc2 Bg6 14. Bxg6
hxg6 15. Ndf3 Nh7 16. h4 Nxg5 17. hxg5 Bc7 18. Qd2 Rd8 19. g3 b5 20. Kg2 Kf8
21. Rh1 Qb8 22. Bxc7 Qxc7 23. Rh7 Rab8 24. a3 Qd6 25. Rah1 a5 26. b4 axb4 27.
axb4 Ra8 28. Ne1 Ra3 29. Nd3 Rda8 30. Qe3 R8a7 31. Qf3 e5 32. dxe5 Qe6 33. Nf4
Qf5 34. Qxd5 1-0

[Event "44th Chess Olympiad Open 2022"]
[Site "Chennai"]
[Date "2022.08.01"]
[Round "4.30"]
[White "Markoja, Boris"]
[Black "Chaves Sanchez, Gabriel A"]
[Result "1-0"]
[WhiteElo "2452"]
[BlackElo "2125"]
[Annotator "TA"]
[PlyCount "67"]
[EventDate "2022.07.29"]
[EventType "team-tourn"]
[EventCountry "IND"]
[SourceTitle "playchess.com"]
[Source "ChessBase"]
[SourceQuality "1"]
[WhiteTeam "Slovenia"]
[BlackTeam "Costa Rica"]
[WhiteTeamCountry "SLO"]
[BlackTeamCountry "CRI"]

1. Nf3 d5 2. g3 Nf6 3. Bg2 c6 4. O-O Bf5 5. d3 e6 6. Nbd2 Bc5 7. c4 h6 8. Qc2
Nbd7 9. b3 O-O 10. Bb2 Qb6 11. h3 Rfe8 12. a3 a5 13. Ne5 Nxe5 14. Bxe5 Nd7 15.
Bb2 Bd4 16. Rab1 Bxb2 17. Rxb2 Qc5 18. b4 axb4 19. axb4 Qe7 20. e4 dxe4 21.
dxe4 Bh7 22. c5 Ra6 23. Nc4 Rea8 24. Qd2 Ra1 25. Rxa1 Rxa1+ 26. Kh2 Ra7 27. e5
Bg6 28. f4 Nb8 29. Nd6 Qc7 30. b5 Ra8 31. Nxb7 Qxb7 32. bxc6 Qa7 33. c7 Qxc7
34. Bxa8 1-0

[Event "44th Chess Olympiad Open 2022"]
[Site "Chennai"]
[Date "2022.08.01"]
[Round "4.30"]
[White "Chinchilla Miranda, Eugenio"]
[Black "Dobrovoljc, Vid"]
[Result "1/2-1/2"]
[WhiteElo "2206"]
[BlackElo "2398"]
[Annotator "TA"]
[PlyCount "118"]
[EventDate "2022.07.29"]
[EventType "team-tourn"]
[EventCountry "IND"]
[SourceTitle "playchess.com"]
[Source "ChessBase"]
[SourceQuality "1"]
[WhiteTeam "Costa Rica"]
[BlackTeam "Slovenia"]
[WhiteTeamCountry "CRI"]
[BlackTeamCountry "SLO"]

1. d4 Nf6 2. c4 e6 3. Nc3 Bb4 4. Qc2 O-O 5. e4 d5 6. e5 Ne4 7. Bd3 c5 8. Nge2
cxd4 9. Nxd4 Nd7 10. Bf4 Qh4 11. g3 Qh3 12. Bf1 Qh5 13. f3 Nxc3 14. bxc3 Ba3
15. g4 Qh4+ 16. Bg3 Qg5 17. f4 Qxg4 18. cxd5 exd5 19. Qb3 Bc5 20. Be2 Qh3 21.
Qxd5 Bxd4 22. Qxd4 Nb6 23. Bf1 Qh5 24. Bg2 Bh3 25. Qe4 Bxg2 26. Qxg2 Rad8 27.
O-O Nc4 28. Qxb7 Rd3 29. Qe4 Rxc3 30. Be1 Rh3 31. Qxc4 Rxh2 32. Bg3 Rd2 33. Rf2
Rxf2 34. Kxf2 Qf5 35. Rc1 h5 36. Qc2 Qh3 37. f5 h4 38. Bf4 Qg4 39. Qe4 Rd8 40.
Re1 Kh8 41. e6 fxe6 42. fxe6 Rf8 43. Ke3 Qh3+ 44. Ke2 Qg4+ 45. Ke3 Qh3+ 46. Kd4
Rd8+ 47. Ke5 Re8 48. Kd6 Qa3+ 49. Kc6 Qa6+ 50. Kc5 Rc8+ 51. Kb4 Qxa2 52. Be5
a5+ 53. Kb5 Qb3+ 54. Kxa5 Rc5+ 55. Ka6 Qxe6+ 56. Kb7 Qd7+ 57. Kb6 Qb5+ 58. Ka7
Qa5+ 59. Kb7 Qb5+ 1/2-1/2

[Event "44th Chess Olympiad Open 2022"]
[Site "Chennai"]
[Date "2022.08.01"]
[Round "4.30"]
[White "Cabezas Solano, David Alejandro"]
[Black "Subelj, Jan"]
[Result "0-1"]
[WhiteElo "2196"]
[BlackElo "2498"]
[Annotator "TA"]
[PlyCount "76"]
[EventDate "2022.07.29"]
[EventType "team-tourn"]
[EventCountry "IND"]
[SourceTitle "playchess.com"]
[Source "ChessBase"]
[SourceQuality "1"]
[WhiteTeam "Costa Rica"]
[BlackTeam "Slovenia"]
[WhiteTeamCountry "CRI"]
[BlackTeamCountry "SLO"]

1. d4 d5 2. Nf3 Nf6 3. g3 Bf5 4. Bg2 e6 5. c4 c6 6. Nc3 h6 7. O-O Be7 8. Qb3
Qb6 9. c5 Qc7 10. Bf4 Qc8 11. Rac1 O-O 12. Ne5 Nbd7 13. Nxd7 Qxd7 14. f3 Bh7
15. g4 Qc8 16. Bg3 Nd7 17. f4 b6 18. cxb6 Nxb6 19. e4 Qd7 20. Qd1 Rad8 21. e5
c5 22. Bf2 c4 23. Be3 Bd3 24. Rf2 f6 25. Bf1 fxe5 26. fxe5 Rxf2 27. Bxf2 Bh7
28. Be3 Rf8 29. Bg2 Bd3 30. Ne2 Qa4 31. Nf4 Qxd1+ 32. Rxd1 Bg5 33. Nxe6 Bxe3+
34. Kh1 Rf2 35. Nc7 Bxd4 36. e6 Kf8 37. Re1 Ke7 38. a4 a5 0-1